000
00255nam a22001097a 4500
008
240708b |||||||| |||| 00| 0 eng d
100
_a
Mitra, Usha devi
_9
16632
245
_a
Diya
260
_a
Delhi:
_b
National Pub;
_c
1962.
300
_a
255p.
942
_c
BK
999
_c
40459
_d
40459